Parcs nationaux français sur une carte - Statistiques

Statistiques générales
  • Ce quiz a été pris 5 886 fois
  • Le résultat moyen est 5 sur 11
Réponses sur la Carte
Les réponses sont colorées sur une échelle allant du rouge au vert en fonction du pourcentage des utilisateurs qui les ont devinées à leur premier essai. Vous pouvez retrouver ces pourcentages ci-dessous.
 
Statistiques - réponses
Année de création Parc National % Correct
1970 Parc national des Cévennes
63%
2007 Parc national de La Réunion
59%
2012 Parc national des Calanques
59%
2007 Parc amazonien de Guyane
55%
1967 Parc national des Pyrénées
55%
1986 Parc national de la Guadeloupe
53%
1979 Parc national du Mercantour
51%
1973 Parc national des Ecrins
42%
1963 Parc national de la Vanoise
39%
1963 Parc national de Port-Cros
22%
2019 Parc national de forêts
18%
Aucun quiz correspondant
Distribution des résultats
% des personnes avec chaque résultat
Percentile par nombre de réponses
Votre historique - résultats
Vous n’avez pas pris ce quiz